000
00363cam a2200181ua 4500
001
132
008
120728n II |||gr||||Z||||||eng
040
_a
MAIN
041
_a
English
082
_a
823 SEN
100
_a
SEN.
245
_a
PYGMALION
260
_a
[s.l]:
_b
XXX
300
_a
000.:
_c
18CM.
653
_a
English fiction
700
_a
DAS.
942
_c
BK
999
_c
132
_d
132